00750nam a22002057a 4500003000400000005001700004008004100021020002200062040002900084050002400113100002400137245003600161260004700197300003200244650003400276650003300310942001500343952016900358999001700527OSt20260612123715.0260612b |||||||| |||| 00| 0 eng d a978-1-935502-27-2 cChuka University Library aLB 1028.3b.E4 2012 aElliott Lori929001 aAccidental techie to the rescue aNew hampshirebCrystal springs booksc2012 a218bColoured illustrations aEducational technology913421 aInternet in education911405 2lcccBKn0 00102lcc40708LGLaCHKbCHKcGENd2026-06-12eDonations from books for Africag1670.42l0oLB 1028.3 .E4 2012p34297/2026r2026-06-12 12:39:06t1w2026-06-12yBK c24182d24182